Customer Bonding

Salvato in:
Dettagli Bibliografici
Autore principale: Cross, Richard
Altri autori: Smith, Janet
Natura: Libro
Lingua:inglese
Pubblicazione: Lincolnwood NTC Business Books 1995
Edizione:1. ed.
Soggetti:
Tags: Aggiungi Tag
Nessun Tag, puoi essere il primo ad aggiungerne!!

MARC

LEADER 00000nam a2200000 4500
001 c019658
005 20221205132833.8
020 |a 0-8442-3318-8 
041 0 |a eng 
044 |a US 
245 1 0 |a Customer Bonding  |c Richard Cross, Janet Smith 
250 |a 1. ed. 
264 1 |a Lincolnwood  |b NTC Business Books  |c 1995 
300 |a 254 s. 
610 2 0 |a zákazníci 
610 2 0 |a služby 
610 2 0 |a služby obchodné 
610 2 0 |a služby obyvateľstvu 
610 2 0 |a marketing strategický 
610 2 0 |a informácie 
610 2 0 |a reklama 
610 2 0 |a komunikácia 
100 1 |a Cross, Richard 
700 1 |a Smith, Janet